banner-ar

ENCYCLOPEDIA OF MODERN EDUCATIONAL RESEARCH / (Record no. 26398)

MARC details
000 -الفاتح
حقل البيانات ثابتة الطول 00609nam a2200217Ia 4500
008 - عناصر البيانات ثابتة الطول - معلومات عامة
حقل البيانات ثابتة الطول 140319s9999 xx 000 0 eng d
020 ## - الرقم الدولى المعيارى للكتب
الرقم الدولى المعيارى للكتاب 8170418372
040 ## - مصدر الفهرسة
وكالة الفهرسة الأصلية GCL /
وكالة النسخ GCL
082 04 - رقم تصنيف ديوى العشرى
رقم التصنيف REF
رقم المادة 370.703
-- S E
100 1# - المدخل الرئيسى - إسم شخصى
الإسم الشخصى SHARAM, S.R
245 10 - بيان العنوان
العنوان ENCYCLOPEDIA OF MODERN EDUCATIONAL RESEARCH /
بيان المسئوليه,etc SHARAM, S.R
260 ## - PUBLICATION, DISTRIBUTION, ETC. (IMPRINT)
تاريخ النشر أو التوزيع 1994
300 ## - الوصف المادى
التعداد ؛
أبعاد الوعاء 19 cm.
650 04 - المدخل الاضافى بالموضوع-مصطلح موضوعى
مصطلح موضوعي EDUCATIONAL PLANNING
650 04 - المدخل الاضافى بالموضوع-مصطلح موضوعى
مصطلح موضوعي EDUCATION
650 04 - المدخل الاضافى بالموضوع-مصطلح موضوعى
مصطلح موضوعي TEACHER TRAINING
650 04 - المدخل الاضافى بالموضوع-مصطلح موضوعى
مصطلح موضوعي EDUCATION - RESEARCH
650 04 - المدخل الاضافى بالموضوع-مصطلح موضوعى
مصطلح موضوعي EDUCATION - METHODS
942 ## - عناصر المدخل الإضافي( كوها)
مصدر التصنيف او مخطط الترفيف Dewey Decimal Classification
Koha [default] item type المراجع
260 ## - PUBLICATION, DISTRIBUTION, ETC. (IMPRINT)
-- الهند :
-- ANIMAL PUBLICATIONS PVT LTD ،
Holdings
حالة التراجع حالة الفقد حالة تلف ليس للاعارة المكان المؤقت الموقع الحالى تاريخ الاكتساب اجمالي اﻻعارات رقم الطلب الباركود تاريخ اخر مشاهدة تاريخ تفعيل السعر نوع وعاء كوها
        مكتبة القاهرة الكبرى مكتبة القاهرة الكبرى 03/26/2014   REF\370.703\S E 55962 03/26/2014 03/26/2014 المراجع
        مكتبة القاهرة الكبرى مكتبة القاهرة الكبرى 03/26/2014   REF\370.703\S E 55963 03/26/2014 03/26/2014 المراجع
        مكتبة القاهرة الكبرى مكتبة القاهرة الكبرى 03/26/2014   REF\370.703\S E 55964 03/26/2014 03/26/2014 المراجع
        مكتبة القاهرة الكبرى مكتبة القاهرة الكبرى 03/26/2014   REF\370.703\S E 55965 03/26/2014 03/26/2014 المراجع
        مكتبة القاهرة الكبرى مكتبة القاهرة الكبرى 03/26/2014   REF\370.703\S E 55966 03/26/2014 03/26/2014 المراجع
        مكتبة القاهرة الكبرى مكتبة القاهرة الكبرى 03/26/2014   REF\370.703\S E 55967 03/26/2014 03/26/2014 المراجع
        مكتبة القاهرة الكبرى مكتبة القاهرة الكبرى 03/26/2014   REF\370.703\S E 55968 03/26/2014 03/26/2014 المراجع
        مكتبة القاهرة الكبرى مكتبة القاهرة الكبرى 03/26/2014   REF\370.703\S E 55969 03/26/2014 03/26/2014 المراجع
        مكتبة القاهرة الكبرى مكتبة القاهرة الكبرى 03/26/2014   REF\370.703\S E 55970 03/26/2014 03/26/2014 المراجع

Powered By

EGPV